Statistics for Nba Trivia

Click here to take the quiz!

General Stats

  • This quiz has been taken 30 times
    (18 since last reset)
  • The average score is 12 of 15

Answer Stats

QuestionAnswer% Correct
In which of these teams Lebron has played?Cleveland Cavaliers
100%
What is Wade´s first nameDwyane
100%
What country is Giannis from?Greece
100%
Which team Magic Johnson played?Los Angeles Lakers
100%
Which team does Ja Morant playMemphis Grizzlies
100%
What is the name of Indiana`s teamPacers
100%
What is the hometown of the Trail Blazers?Portland
100%
In which of these teams Shaq has not playedDenver Nuggets
94%
Which team of these Allen Iverson playedPhiladelphia 76ers
94%
Which one of them is good at dunkingVince Carter
94%
Who is the G.O.A.TMichael Jordan
63%
Who invented the Big Balls danceSam Cassell
56%
What year did Malice at the palace taken place?2004
50%
Who won the mvp 2015?Andre Iguodala
19%
How many conferences are in nba?6
13%

Score Distribution

Percentile by Number Answered

Percent of People with Each Score

Your Score History

You have not taken this quiz since the last reset